| 000 | 00896nam0a2200301 4500 | ||
|---|---|---|---|
| 001 | RU\NLR\bibl\28435 | ||
| 005 | 20250615021614.0 | ||
| 010 |
_a5-05-004718-8 _965000 |
||
| 021 |
_aRU _b98-25559 _9823п |
||
| 035 | _a(NLR Aleph) 000027698 | ||
| 090 |
_a135681 _c135681 |
||
| 100 | _a19990519d1998 |||y0rusy50 ca | ||
| 101 | 1 |
_arus _ceng |
|
| 102 | _aRU | ||
| 105 | _a||||||||||||| | ||
| 200 | 1 |
_aДжорджия и магнат _eРоман _fМаргарет Уэй _gПер. с англ. [Е. Прусаковой] |
|
| 210 |
_aМ. _cРадуга _d1998 |
||
| 215 |
_a188 с. _d17 |
||
| 225 | 1 |
_aЛюбовный роман _v240 |
|
| 686 | _aШ6(4Вл)67-440.4 | ||
| 700 | 1 |
_aУэй _bМ. _gМаргарет _4070 |
|
| 801 | 0 |
_aRU _bNLR _c19990519 _gPSBO |
|
| 801 | 1 |
_aRU _bNLR _c19990519 |
|
| 852 |
_aNLR _j99-2/673 |
||
| 942 | _cBOOK | ||
| 980 | _aNB | ||